| 000 | 01012nam a2200313Ia 4500 | ||
|---|---|---|---|
| 001 | Z_4913 | ||
| 003 | CHAP | ||
| 008 | 220113s2003 xx 000 0 und d | ||
| 010 | _a167968 | ||
| 040 | _cCHAP | ||
| 090 | _aTesis P 1755 | ||
| 100 |
_aPérez Córdova, Alfredo _989587 |
||
| 245 |
_aDinámica poblacional de Haematobia irritans, Bloophilus microplus y Amblyomma cajenennse en bovinos para carne en pastoreo en Tamiahua, Veracruz / _cpor Alfredo Pérez Córdova |
||
| 260 |
_aChapingo, Méx. : _bEl autor, _c2003 |
||
| 300 | _a47 h. | ||
| 502 | _aTesis (Ing. Agr. Esp. en Zootecnia) -- UACH. Departamento de Zootecnia | ||
| 650 |
_aAmblyomma cajennense _95190 |
||
| 650 | _aBoophilus microplus | ||
| 650 |
_aGanado vacuno _xPastoreo _945502 |
||
| 650 |
_aGanado vacuno _xPlagas _945505 |
||
| 650 |
_aGanado vacuno _xVeracruz _9137839 |
||
| 650 |
_aHaematobia irritans _952201 |
||
| 901 | _aTESIS P 1755 | ||
| 902 | _aM | ||
| 910 | _a2003 | ||
| 942 | _c2 | ||
| 942 | _c2 | ||
| 999 |
_c167968 _d167968 |
||